[Event "Titled Tuesday intern op 17th Sep Early"]
[Site "Chess,com INT"]
[Date "2024.09.17"]
[Round "2"]
[White "Amanov, Zhanibek"]
[Black "Sai, Han Thiha"]
[Result "0-1"]
[WhiteElo "2275"]
[BlackElo "2140"]
[PlyCount "66"]
[EventDate "2024.09.17"]
[EventType "swiss (blitz)"]
[EventRounds "11"]
[EventCountry "USA"]
[SourceTitle "EXT 2025"]
[Source "ChessBase"]
[SourceDate "2024.10.14"]
[SourceVersion "1"]
[SourceVersionDate "2024.10.14"]
[SourceQuality "1"]

1. c4 Nf6 2. Nc3 g6 3. d4 Bg7 4. e4 d6 5. Be2 0-0 6. Bg5 h6 7. Bf4 Nfd7 8. Qd2 Kh7 9. Nf3 e5 10. dxe5 Nxe5 11. 0-0 Nxf3+ 12. Bxf3 Nc6 13. Rad1 Nd4 14. Qd3 h5 15. Rfe1 Nxf3+ 16. gxf3 Be6 17. Nd5 Rc8 18. b3 b6 19. Qd2 a6 20. Bg5 f6 21. Be3 a5 22. Nf4 Bf7 23. Kh1 Qe8 24. Rg1 a4 25. Qd3 axb3 26. axb3 Rg8 27. Ra1 f5 28. Ra7 fxe4 29. Qxe4 Be5 30. Nxh5 Qe7 31. f4 Qh4 32. fxe5 Qxe4+ 33. Rg2 gxh5 0-1

[Event "Titled Tuesday intern op 17th Sep Early"]
[Site "Chess,com INT"]
[Date "2024.09.17"]
[Round "4"]
[White "Hoang, Thi Bao Tram"]
[Black "Sai, Han Thiha"]
[Result "1-0"]
[WhiteElo "2193"]
[BlackElo "2140"]
[PlyCount "113"]
[EventDate "2024.09.17"]
[EventType "swiss (blitz)"]
[EventRounds "11"]
[EventCountry "USA"]
[SourceTitle "EXT 2025"]
[Source "ChessBase"]
[SourceDate "2024.10.14"]
[SourceVersion "1"]
[SourceVersionDate "2024.10.14"]
[SourceQuality "1"]

1. d4 Nf6 2. c4 g6 3. Nc3 Bg7 4. e4 d6 5. Be2 0-0 6. Be3 c5 7. d5 e6 8. Nf3 exd5 9. exd5 Bf5 10. 0-0 Ne4 11. Nxe4 Bxe4 12. Ng5 Bf5 13. g4 Bc8 14. Qd2 h6 15. Ne4 f5 16. gxf5 gxf5 17. Ng3 Qh4 18. Bf4 Be5 19. Bxh6 f4 20. Bxf8 Kxf8 21. Kh1 Bh3 22. Bf3 Bxf1 23. Nxf1 Nd7 24. Re1 Kg7 25. Qd3 Qxf2 26. Rd1 Rh8 27. Bg2 Nf6 28. Rd2 Qh4 29. Qf5 Qg4 30. Qxg4+ Nxg4 31. Bf3 Ne3 32. Nxe3 fxe3 33. Rg2+ Kf6 34. b3 Bf4 35. Kg1 Rh3 36. Bg4 Rh8 37. h3 Ke5 38. Kf1 a6 39. a4 b5 40. axb5 axb5 41. cxb5 Ra8 42. Ke2 Ke4 43. Bf3+ Kd4 44. Rg7 Ra2+ 45. Ke1 Kd3 46. Rg2 Ra1+ 47. Bd1 Ra5 48. h4 Rxb5 49. Be2+ Kd4 50. Bxb5 Kxd5 51. h5 Ke5 52. Ke2 d5 53. Kf3 d4 54. Bd3 Bh6 55. Rg6 Bf8 56. h6 c4 57. bxc4 1-0

[Event "Titled Tuesday intern op 17th Sep Late"]
[Site "Chess,com INT"]
[Date "2024.09.17"]
[Round "2"]
[White "Sai, Han Thiha"]
[Black "Boor, Carl Brandon"]
[Result "1-0"]
[WhiteElo "2140"]
[BlackElo "2231"]
[PlyCount "99"]
[EventDate "2024.09.17"]
[EventType "swiss (blitz)"]
[EventRounds "11"]
[EventCountry "USA"]
[SourceTitle "EXT 2025"]
[Source "ChessBase"]
[SourceDate "2024.10.14"]
[SourceVersion "1"]
[SourceVersionDate "2024.10.14"]
[SourceQuality "1"]

1. Nf3 d5 2. g3 c6 3. Bg2 Bg4 4. 0-0 Nd7 5. d3 Ngf6 6. Nbd2 e6 7. e4 Be7 8. h3 Bh5 9. Re1 0-0 10. b3 a5 11. a4 Bc5 12. Bb2 Qb6 13. d4 Be7 14. c4 dxe4 15. Nxe4 Nxe4 16. Rxe4 Bg6 17. Re1 Rfd8 18. c5 Qc7 19. Qe2 b6 20. cxb6 Qxb6 21. Nd2 Rab8 22. Rac1 Rdc8 23. h4 h6 24. Bc3 Bb4 25. Nc4 Qa6 26. h5 Bh7 27. Bxb4 Rxb4 28. Rc3 Rcb8 29. Qf3 Nf6 30. Qxc6 Qxc6 31. Bxc6 Rxb3 32. Rxb3 Rxb3 33. Nxa5 Rd3 34. Nb7 Rxd4 35. a5 Bd3 36. Ra1 Ba6 37. Nc5 Rd6 38. Nxa6 Rxc6 39. Nb4 Rc8 40. a6 Nd7 41. Nc6 Kf8 42. a7 Nb6 43. Nb8 Na8 44. Rd1 Ke8 45. Rd7 Rc7 46. Rxc7 Nxc7 47. Na6 Na8 48. f4 Kd7 49. Nc5+ Kd6 50. Nd3 1-0

[Event "Titled Tuesday intern op 17th Sep Early"]
[Site "Chess,com INT"]
[Date "2024.09.17"]
[Round "9"]
[White "Sai, Han Thiha"]
[Black "Tokman, Ariel"]
[Result "1-0"]
[WhiteElo "2140"]
[BlackElo "2399"]
[PlyCount "115"]
[EventDate "2024.09.17"]
[EventType "swiss (blitz)"]
[EventRounds "11"]
[EventCountry "USA"]
[SourceTitle "EXT 2025"]
[Source "ChessBase"]
[SourceDate "2024.10.14"]
[SourceVersion "1"]
[SourceVersionDate "2024.10.14"]
[SourceQuality "1"]

1. Nf3 c5 2. g3 b6 3. Bg2 Bb7 4. c4 Nf6 5. 0-0 e6 6. b3 d6 7. d4 cxd4 8. Qxd4 Nc6 9. Qd2 d5 10. cxd5 Qxd5 11. Bb2 Qxd2 12. Nbxd2 Be7 13. Ne5 Nxe5 14. Bxb7 Rb8 15. Ba6 Ned7 16. Nc4 0-0 17. Ne5 Nxe5 18. Bxe5 Rbd8 19. Rfd1 Bc5 20. Bxf6 gxf6 21. e3 f5 22. Kg2 Kg7 23. Rac1 Kf6 24. Kf3 Ke7 25. h3 Rg8 26. g4 Rg5 27. Rxd8 Kxd8 28. b4 Bxb4 29. Rc8+ Kd7 30. Ra8 fxg4+ 31. hxg4 Ke7 32. Rxa7+ Kf6 33. Bd3 h6 34. Rb7 Ba5 35. a4 Rd5 36. Bb5 Rd1 37. Be8 Ke5 38. Rxf7 Be1 39. Ke2 Ra1 40. f4+ Kd5 41. Rd7+ Kc5 42. Rd3 Bb4 43. Bb5 Ra2+ 44. Kf3 Be1 45. Ke4 Bf2 46. f5 exf5+ 47. gxf5 Bh4 48. Ke5 Kb4 49. e4 Rf2 50. Rh3 Bg5 51. Rh1 Rf3 52. Rb1+ Ka3 53. Bc6 Bf4+ 54. Ke6 Be3 55. f6 Bd4 56. f7 Bc5 57. e5 h5 58. Bxf3 1-0

[Event "Titled Tuesday intern op 17th Sep Early"]
[Site "Chess,com INT"]
[Date "2024.09.17"]
[Round "6"]
[White "Sanhueza, Cristian"]
[Black "Sai, Han Thiha"]
[Result "0-1"]
[WhiteElo "2194"]
[BlackElo "2140"]
[PlyCount "66"]
[EventDate "2024.09.17"]
[EventType "swiss (blitz)"]
[EventRounds "11"]
[EventCountry "USA"]
[SourceTitle "EXT 2025"]
[Source "ChessBase"]
[SourceDate "2024.10.14"]
[SourceVersion "1"]
[SourceVersionDate "2024.10.14"]
[SourceQuality "1"]

1. e4 c6 2. d4 d5 3. exd5 cxd5 4. c4 Nf6 5. Nc3 e6 6. c5 b6 7. b4 Bd7 8. Bf4 a5 9. a3 axb4 10. axb4 Rxa1 11. Qxa1 Ne4 12. Nf3 Nc6 13. b5 Nb4 14. Qb2 bxc5 15. Be2 cxd4 16. Nxd4 Qf6 17. Be3 Nxc3 18. Qxc3 e5 19. Nc6 d4 20. Qb2 dxe3 21. 0-0 exf2+ 22. Kh1 Bxc6 23. bxc6 Nxc6 24. Qb7 Be7 25. Qc8+ Bd8 26. Bb5 0-0 27. Bxc6 Bb6 28. Qd7 Bd4 29. Qd5 h5 30. Qe4 g6 31. Bd5 Kg7 32. h3 Ra8 33. Qd3 Ra1 0-1

[Event "Titled Tuesday intern op 11th Jun Early"]
[Site "Chess.com INT"]
[Date "2024.06.11"]
[Round "2"]
[White "Sai, Han Thiha"]
[Black "Filippova, Margarita"]
[Result "1-0"]
[WhiteElo "2123"]
[BlackElo "2007"]
[PlyCount "91"]
[EventDate "2024.06.11"]
[EventType "swiss (blitz)"]
[EventRounds "11"]
[EventCountry "USA"]
[SourceTitle "EXT 2025"]
[Source "ChessBase"]
[SourceDate "2024.10.14"]
[SourceVersion "1"]
[SourceVersionDate "2024.10.14"]
[SourceQuality "1"]

1. Nf3 d5 2. g3 Bg4 3. Bg2 Nd7 4. 0-0 e5 5. d3 Ngf6 6. Nbd2 Bc5 7. e4 c6 8. Qe1 Qe7 9. h3 Bxf3 10. Nxf3 0-0 11. exd5 cxd5 12. d4 exd4 13. Qxe7 Bxe7 14. Nxd4 Rac8 15. c3 Bc5 16. Be3 a6 17. Rad1 Rfe8 18. Nf5 Nb6 19. Bg5 Ne4 20. Be3 g6 21. Bxc5 Rxc5 22. Ne3 f5 23. Rd3 Re7 24. Rfd1 Rb5 25. b4 a5 26. Nxd5 Nxd5 27. Rxd5 Rxd5 28. Rxd5 Nxc3 29. Rxa5 Re1+ 30. Kh2 Re2 31. Bxb7 Rxf2+ 32. Kg1 Rxa2 33. Rxa2 Nxa2 34. Bd5+ Kf8 35. Bxa2 Ke7 36. Kf2 h6 37. Ke3 Kd6 38. Kd4 g5 39. Bc4 Kc6 40. Bd3 f4 41. gxf4 gxf4 42. Ke4 f3 43. Kxf3 Kd5 44. Kg4 Kd4 45. b5 Kc5 46. Kh5 1-0

[Event "Titled Tuesday intern op 28th May Late"]
[Site "Chess.com INT"]
[Date "2024.05.28"]
[Round "3"]
[White "Finegold, Benjamin"]
[Black "Sai, Han Thiha"]
[Result "0-1"]
[WhiteElo "2400"]
[BlackElo "2123"]
[PlyCount "110"]
[EventDate "2024.05.28"]
[EventType "swiss (blitz)"]
[EventRounds "11"]
[EventCountry "USA"]
[SourceTitle "EXT 2025"]
[Source "ChessBase"]
[SourceDate "2024.10.14"]
[SourceVersion "1"]
[SourceVersionDate "2024.10.14"]
[SourceQuality "1"]

1. d4 Nf6 2. c4 e6 3. Nc3 Bb4 4. Qc2 0-0 5. Nf3 c5 6. dxc5 Na6 7. Bd2 Nxc5 8. a3 Bxc3 9. Bxc3 Nce4 10. Bxf6 Nxf6 11. e4 d5 12. e5 Nd7 13. Rd1 Qc7 14. Qc3 dxc4 15. Bxc4 Nb6 16. Rc1 Bd7 17. Bd3 Qxc3+ 18. Rxc3 Rac8 19. Kd2 Rxc3 20. Kxc3 Nd5+ 21. Kd2 Nf4 22. Be4 Nxg2 23. Rg1 Nf4 24. Rc1 Rc8 25. Rxc8+ Bxc8 26. Ke3 Ng6 27. Kd4 b6 28. Bxg6 hxg6 29. Ng5 Bb7 30. b4 Kf8 31. f4 Ke7 32. h4 Bg2 33. Kc4 f6 34. Nh7 Bf1+ 35. Kd4 Kf7 36. a4 a5 37. bxa5 bxa5 38. Kc5 Bd3 39. Kb6 g5 40. hxg5 Bxh7 41. exf6 gxf6 42. Kxa5 fxg5 43. fxg5 Kg6 44. Kb4 Kxg5 45. a5 Be4 46. Kc3 Ba8 47. Kd4 Kf4 48. a6 e5+ 49. Kd3 e4+ 50. Ke2 e3 51. a7 Ke4 52. Ke1 Kf3 53. Kf1 Bc6 54. Ke1 e2 55. Kd2 Kf2 0-1

[Event "Titled Tuesday intern op 28th May Late"]
[Site "Chess.com INT"]
[Date "2024.05.28"]
[Round "1"]
[White "Sai, Han Thiha"]
[Black "Bacrot, Etienne"]
[Result "0-1"]
[WhiteElo "2123"]
[BlackElo "2684"]
[PlyCount "126"]
[EventDate "2024.05.28"]
[EventType "swiss (blitz)"]
[EventRounds "11"]
[EventCountry "USA"]
[SourceTitle "EXT 2025"]
[Source "ChessBase"]
[SourceDate "2024.10.14"]
[SourceVersion "1"]
[SourceVersionDate "2024.10.14"]
[SourceQuality "1"]

1. Nf3 d5 2. g3 Nf6 3. Bg2 g6 4. b3 Bg7 5. Bb2 0-0 6. 0-0 c5 7. c4 d4 8. b4 Nc6 9. b5 Nb8 10. a4 Re8 11. d3 e5 12. Nbd2 h6 13. Re1 Nbd7 14. a5 g5 15. e3 Rb8 16. Nb3 b6 17. axb6 axb6 18. Ra7 Nf8 19. exd4 exd4 20. Rxe8 Qxe8 21. Nfd2 Bg4 22. Qb1 Ng6 23. h3 Bf5 24. Bxd4 cxd4 25. Nxd4 Bd7 26. Nc6 Rc8 27. d4 Qe2 28. Ne4 Nxe4 29. Qxe4 Qxe4 30. Bxe4 Bxc6 31. bxc6 Bxd4 32. Rd7 Be5 33. Bd5 Nh8 34. Be4 Kg7 35. Rb7 Rc7 36. Rxb6 Ng6 37. Rb5 Kf6 38. Rd5 Ne7 39. Rd7 Rc8 40. Kg2 Nxc6 41. Bd5 Ne7 42. Kf3 Nxd5 43. cxd5 Rc7 44. Rd8 Ke7 45. Ra8 f5 46. g4 Rc3+ 47. Kg2 fxg4 48. hxg4 Rd3 49. Ra7+ Kf6 50. Ra6+ Kg7 51. Ra5 Bd6 52. Kf1 Rd4 53. f3 Kf6 54. Ke2 Ke5 55. Ra8 Kxd5 56. Rh8 Bf4 57. Rxh6 Rd2+ 58. Ke1 Kd4 59. Re6 Rh2 60. Re4+ Kd3 61. Re8 Be3 62. Rd8+ Bd4 63. Re8 Rh1# 0-1

[Event "Titled Tuesday intern op 28th May Late"]
[Site "Chess.com INT"]
[Date "2024.05.28"]
[Round "5"]
[White "Shandrygin, Nikita"]
[Black "Sai, Han Thiha"]
[Result "1-0"]
[WhiteElo "2209"]
[BlackElo "2123"]
[PlyCount "49"]
[EventDate "2024.05.28"]
[EventType "swiss (blitz)"]
[EventRounds "11"]
[EventCountry "USA"]
[SourceTitle "EXT 2025"]
[Source "ChessBase"]
[SourceDate "2024.10.14"]
[SourceVersion "1"]
[SourceVersionDate "2024.10.14"]
[SourceQuality "1"]

1. e4 c6 2. d4 d5 3. f3 dxe4 4. fxe4 e5 5. Nf3 Bg4 6. Bc4 Nd7 7. 0-0 Ngf6 8. c3 b5 9. Bb3 Bd6 10. Bg5 0-0 11. Nbd2 Qb6 12. Kh1 Rae8 13. h3 Bh5 14. Qe1 Bg6 15. Qh4 exd4 16. Rae1 dxc3 17. bxc3 c5 18. Bxf6 gxf6 19. Bd5 Kg7 20. Qf2 Qa5 21. Nb1 Ne5 22. Rd1 Nxf3 23. Qxf3 Be5 24. Rf2 Qa3 25. Nxa3 1-0

[Event "Titled Tuesday intern op 14th May Early"]
[Site "Chess.com INT"]
[Date "2024.05.14"]
[Round "9"]
[White "Arhan, Chethan Anand"]
[Black "Sai, Han Thiha"]
[Result "0-1"]
[WhiteElo "2368"]
[BlackElo "2123"]
[PlyCount "122"]
[EventDate "2024.05.14"]
[EventType "swiss (blitz)"]
[EventRounds "11"]
[EventCountry "USA"]
[SourceTitle "EXT 2025"]
[Source "ChessBase"]
[SourceDate "2024.10.14"]
[SourceVersion "1"]
[SourceVersionDate "2024.10.14"]
[SourceQuality "1"]

1. d4 Nf6 2. c4 e6 3. Nf3 Bb4+ 4. Bd2 Qe7 5. g3 Nc6 6. Bg2 Bxd2+ 7. Qxd2 Ne4 8. Qc2 Qb4+ 9. Nc3 Nxc3 10. bxc3 Qxc4 11. e4 Nb4 12. Qd2 Nd3+ 13. Kd1 d5 14. e5 Bd7 15. Bf1 Ba4+ 16. Ke2 Nxe5+ 17. Ke3 Nxf3 18. Kxf3 Qc6 19. Rb1 a6 20. Bd3 Bb5 21. Rhc1 0-0 22. Kg2 Rfe8 23. Bc2 e5 24. Re1 e4 25. Re3 Bc4 26. Rb2 f5 27. Re1 b5 28. Qf4 Qd7 29. Bd1 Rf8 30. h4 Qd6 31. Qxd6 cxd6 32. f4 a5 33. Re3 Rfb8 34. a3 Rb6 35. g4 g6 36. gxf5 gxf5 37. Bh5 Kg7 38. Kh3 Kf6 39. Kh2 Rg8 40. Be2 Rc8 41. Bh5 Bd3 42. Rg2 Rxc3 43. Rg8 Rc2+ 44. Kh1 Rc1+ 45. Kh2 Rbc6 46. Rf8+ Ke7 47. Rf7+ Kd8 48. Rg3 R6c2+ 49. Rg2 Rxg2+ 50. Kxg2 Ra1 51. Rxh7 Rxa3 52. Bf7 Bc4 53. h5 Ra2+ 54. Kh1 e3 55. Rh8+ Ke7 56. Bg6 e2 57. Re8+ Kf6 58. Kg1 Ra1+ 59. Kf2 Rf1+ 60. Kg3 e1Q+ 61. Rxe1 Rxe1 0-1

[Event "Titled Tuesday intern op 14th May Early"]
[Site "Chess.com INT"]
[Date "2024.05.14"]
[Round "8"]
[White "Ivic, Velimir"]
[Black "Sai, Han Thiha"]
[Result "1-0"]
[WhiteElo "2596"]
[BlackElo "2123"]
[PlyCount "117"]
[EventDate "2024.05.14"]
[EventType "swiss (blitz)"]
[EventRounds "11"]
[EventCountry "USA"]
[SourceTitle "EXT 2025"]
[Source "ChessBase"]
[SourceDate "2024.10.14"]
[SourceVersion "1"]
[SourceVersionDate "2024.10.14"]
[SourceQuality "1"]

1. e4 c6 2. d4 d5 3. Nc3 dxe4 4. Nxe4 Nf6 5. Nxf6+ exf6 6. c3 Bd6 7. Bd3 0-0 8. Ne2 Re8 9. 0-0 Nd7 10. Ng3 Nb6 11. c4 Bf8 12. Be3 g6 13. Qd2 f5 14. Ne2 Bg7 15. Rad1 a5 16. Bg5 Bf6 17. Bxf6 Qxf6 18. Rfe1 Be6 19. b3 Red8 20. Bc2 c5 21. d5 a4 22. Qe3 axb3 23. axb3 Bd7 24. Qxc5 Ra2 25. Bb1 Rb2 26. Nd4 Re8 27. Rxe8+ Bxe8 28. Re1 Kg7 29. Nf3 Nd7 30. Qe3 b6 31. Qxe8 Nc5 32. Qe5 Nxb3 33. d6 Nc5 34. Rd1 Qxe5 35. Nxe5 Kf6 36. d7 Nxd7 37. Nxd7+ Ke6 38. c5 bxc5 39. Nxc5+ Kf6 40. Nd3 Rb8 41. Ne1 Rb2 42. Nf3 g5 43. h3 g4 44. hxg4 fxg4 45. Nh2 h5 46. Bd3 Rb3 47. Bf1 Rb2 48. g3 Kg5 49. Rd5+ f5 50. Bd3 Kh6 51. Rxf5 Rd2 52. Rd5 Rd1+ 53. Kg2 Ra1 54. Nf1 Rd1 55. Ne3 Rd2 56. Nf5+ Kg5 57. Nh4+ Kf6 58. Be4 Re2 59. Bg6 1-0

[Event "Titled Tuesday intern op 14th May Early"]
[Site "Chess.com INT"]
[Date "2024.05.14"]
[Round "3"]
[White "Ruperez Benito, Antonio"]
[Black "Sai, Han Thiha"]
[Result "1-0"]
[WhiteElo "2333"]
[BlackElo "2123"]
[PlyCount "83"]
[EventDate "2024.05.14"]
[EventType "swiss (blitz)"]
[EventRounds "11"]
[EventCountry "USA"]
[SourceTitle "EXT 2025"]
[Source "ChessBase"]
[SourceDate "2024.10.14"]
[SourceVersion "1"]
[SourceVersionDate "2024.10.14"]
[SourceQuality "1"]

1. e4 c5 2. Nf3 d6 3. Bb5+ Nc6 4. 0-0 Bd7 5. c3 Nf6 6. Re1 a6 7. Bxc6 Bxc6 8. d4 Bxe4 9. Bg5 Bd5 10. c4 Bxf3 11. Qxf3 cxd4 12. Bxf6 gxf6 13. Qxf6 Rg8 14. Qxd4 Bg7 15. Qd2 Rc8 16. Na3 Qb6 17. Rab1 Qd4 18. Qe2 Bf6 19. b3 Qg4 20. Qxg4 Rxg4 21. Nc2 b5 22. Ne3 Rd4 23. Nd5 Kf8 24. Nb6 Rc6 25. Nd7+ Kg7 26. Nxf6 Kxf6 27. cxb5 axb5 28. Re3 Rc2 29. a3 Rdd2 30. Rf3+ Kg7 31. Re1 Re2 32. Rd1 Rcd2 33. Rc1 Rc2 34. Rd1 Ra2 35. h4 Red2 36. Re1 Rxa3 37. Rxe7 Rd1+ 38. Kh2 Kg6 39. Rexf7 Rd5 40. R3f6+ Kh5 41. Rxh7+ Kg4 42. f3# 1-0

[Event "Titled Tuesday intern op 14th May Early"]
[Site "Chess.com INT"]
[Date "2024.05.14"]
[Round "6"]
[White "Sai, Han Thiha"]
[Black "Perdomo, Carlos Andres"]
[Result "1-0"]
[WhiteElo "2123"]
[BlackElo "2309"]
[PlyCount "91"]
[EventDate "2024.05.14"]
[EventType "swiss (blitz)"]
[EventRounds "11"]
[EventCountry "USA"]
[SourceTitle "EXT 2025"]
[Source "ChessBase"]
[SourceDate "2024.10.14"]
[SourceVersion "1"]
[SourceVersionDate "2024.10.14"]
[SourceQuality "1"]

1. e4 c5 2. c3 Nf6 3. e5 Nd5 4. Nf3 e6 5. g3 b6 6. Bg2 Bb7 7. 0-0 d6 8. d4 cxd4 9. cxd4 Nd7 10. Qe2 Rc8 11. Nbd2 dxe5 12. dxe5 Nc5 13. Nc4 Be7 14. h4 h6 15. Rd1 0-0 16. Ne3 Ba6 17. Qd2 Nd3 18. Nxd5 exd5 19. Bf1 Bb4 20. Qe2 Nc5 21. Qe3 Bxf1 22. Kxf1 Ne6 23. Qd3 Nc7 24. Bf4 Bc5 25. a3 a5 26. Rac1 Qd7 27. Qd2 Rfd8 28. Kg2 Ne6 29. b4 axb4 30. axb4 Bf8 31. Nd4 Rxc1 32. Rxc1 Qa4 33. Nxe6 fxe6 34. Rc7 Qxb4 35. Qc2 Bc5 36. Bxh6 Qe4+ 37. Qxe4 dxe4 38. Rxg7+ Kh8 39. Rg6 Rd2 40. Bxd2 Kh7 41. Rxe6 e3 42. Bxe3 Bxe3 43. fxe3 b5 44. Rb6 b4 45. g4 b3 46. h5 1-0

[Event "Titled Tuesday intern op 07th May Early"]
[Site "Chess.com INT"]
[Date "2024.05.07"]
[Round "10"]
[White "Sai, Han Thiha"]
[Black "Vaicekauskas, Gytis"]
[Result "0-1"]
[WhiteElo "2123"]
[BlackElo "2219"]
[PlyCount "98"]
[EventDate "2024.05.07"]
[EventType "swiss (blitz)"]
[EventRounds "11"]
[EventCountry "USA"]
[SourceTitle "EXT 2025"]
[Source "ChessBase"]
[SourceDate "2024.10.14"]
[SourceVersion "1"]
[SourceVersionDate "2024.10.14"]
[SourceQuality "1"]

1. c4 Nf6 2. Nc3 g6 3. d4 Bg7 4. e4 d6 5. Nf3 0-0 6. Be2 e5 7. Be3 Nc6 8. d5 Ne7 9. Nd2 Nd7 10. f3 f5 11. Qc2 a6 12. Rb1 b6 13. b4 a5 14. a3 axb4 15. axb4 f4 16. Bf2 g5 17. h4 Ng6 18. hxg5 Qxg5 19. Nb5 Qd8 20. Kf1 Rf7 21. Qc3 Ba6 22. Ra1 Bxb5 23. cxb5 Nf6 24. Bd3 Rxa1+ 25. Qxa1 Qb8 26. Ke2 Qb7 27. Qa6 Qb8 28. Ra1 Nf8 29. Qa8 Qxa8 30. Rxa8 Rd7 31. Nf1 Kf7 32. g3 Ng6 33. Nh2 h5 34. Rc8 fxg3 35. Bxg3 h4 36. Bf2 Nf4+ 37. Kd2 Bh6 38. Bf1 Ng6+ 39. Kc3 Kg7 40. Bh3 Re7 41. Bf5 Bg5 42. Rd8 Re8 43. Rxe8 Nxe8 44. Ng4 Nf6 45. Nxf6 Kxf6 46. Kd3 h3 47. Bg1 Bh4 48. Kd2 Nf4 49. Be3 h2 0-1

[Event "Titled Tuesday intern op 07th May Early"]
[Site "Chess.com INT"]
[Date "2024.05.07"]
[Round "6"]
[White "Sidorika, Vladislav"]
[Black "Sai, Han Thiha"]
[Result "1-0"]
[WhiteElo "2301"]
[BlackElo "2123"]
[PlyCount "57"]
[EventDate "2024.05.07"]
[EventType "swiss (blitz)"]
[EventRounds "11"]
[EventCountry "USA"]
[SourceTitle "EXT 2025"]
[Source "ChessBase"]
[SourceDate "2024.10.14"]
[SourceVersion "1"]
[SourceVersionDate "2024.10.14"]
[SourceQuality "1"]

1. g4 d5 2. Bg2 c6 3. c4 dxc4 4. h3 h5 5. g5 Bf5 6. Na3 e5 7. Nxc4 e4 8. h4 Nd7 9. b3 a5 10. Bb2 a4 11. Rc1 Nc5 12. b4 Ne6 13. a3 Nd4 14. Nh3 Nb3 15. Rc3 Ne7 16. 0-0 Nd5 17. Rg3 Qd7 18. Ne3 Be6 19. Nxd5 cxd5 20. Nf4 Bd6 21. Nxe6 fxe6 22. Rh3 0-0 23. d3 e5 24. dxe4 d4 25. e3 Rac8 26. Qxh5 g6 27. Qxg6+ Kh8 28. exd4 exd4 29. Rxb3 1-0

[Event "Titled Tuesday intern op 30th Apr Early"]
[Site "Chess.com INT"]
[Date "2024.04.30"]
[Round "1"]
[White "Arutinian, David"]
[Black "Sai, Han Thiha"]
[Result "0-1"]
[WhiteElo "2549"]
[BlackElo "2123"]
[PlyCount "64"]
[EventDate "2024.04.30"]
[EventType "swiss (blitz)"]
[EventRounds "11"]
[EventCountry "USA"]
[SourceTitle "CBM 220 Extra"]
[Source "ChessBase"]
[SourceDate "2024.07.31"]
[SourceVersion "1"]
[SourceVersionDate "2024.07.31"]
[SourceQuality "1"]

1. Nf3 Nf6 2. c4 g6 3. Nc3 Bg7 4. e4 0-0 5. d4 d6 6. Be2 Bg4 7. Be3 e5 8. 0-0 Bxf3 9. Bxf3 exd4 10. Bxd4 Nc6 11. Be3 Re8 12. Rc1 Nd7 13. b3 Nc5 14. g3 Bxc3 15. Rxc3 Qf6 16. Rc2 Nxe4 17. Bg2 Re7 18. Qc1 Qf5 19. Re2 Rae8 20. Rfe1 Nc5 21. Qd2 Nd3 22. Rd1 Nde5 23. Qd5 Ng4 24. Qxf5 gxf5 25. Rde1 Nd4 26. Rd2 Nxe3 27. Rxe3 c5 28. Rdd3 f4 29. gxf4 Ne2+ 30. Kf1 Nxf4 31. Rxe7 Rxe7 32. Bf3 Nxd3 0-1

[Event "Titled Tuesday intern op 30th Apr Early"]
[Site "Chess.com INT"]
[Date "2024.04.30"]
[Round "3"]
[White "Sai, Han Thiha"]
[Black "Krsnik Cohar, Ivan Vihor"]
[Result "0-1"]
[WhiteElo "2123"]
[BlackElo "2331"]
[PlyCount "72"]
[EventDate "2024.04.30"]
[EventType "swiss (blitz)"]
[EventRounds "11"]
[EventCountry "USA"]
[SourceTitle "CBM 220 Extra"]
[Source "ChessBase"]
[SourceDate "2024.07.31"]
[SourceVersion "1"]
[SourceVersionDate "2024.07.31"]
[SourceQuality "1"]

1. d4 d5 2. Bf4 Bf5 3. e3 c6 4. c4 e6 5. Nf3 Qb6 6. Qb3 Nd7 7. c5 Qxb3 8. axb3 a6 9. Nbd2 Ngf6 10. h3 Be7 11. b4 0-0 12. Nb3 Bd8 13. Nh4 Bc2 14. Na5 Bxa5 15. bxa5 Rfe8 16. Kd2 Be4 17. f3 Bg6 18. Bd6 e5 19. Ra4 exd4 20. exd4 Nf8 21. Rb4 Ra7 22. Nxg6 hxg6 23. Bd3 Ne6 24. Re1 Nd8 25. Bc7 Ne6 26. Bd6 Nd8 27. Re7 Rxe7 28. Bxe7 Ne6 29. Bd6 Nd8 30. Kc3 Ne8 31. Be5 Kf8 32. Bh2 Ra8 33. g4 Rc8 34. h4 Nc7 35. Ra4 Nde6 36. Ra1 Ke7 0-1

[Event "Titled Tuesday intern op 09th Apr Early"]
[Site "Chess.com INT"]
[Date "2024.04.09"]
[Round "3"]
[White "Sai, Han Thiha"]
[Black "Agasarov, Benik"]
[Result "0-1"]
[WhiteElo "2123"]
[BlackElo "2358"]
[PlyCount "86"]
[EventDate "2024.04.09"]
[EventType "swiss (blitz)"]
[EventRounds "11"]
[EventCountry "USA"]
[SourceTitle "EXT 2025"]
[Source "ChessBase"]
[SourceDate "2024.10.14"]
[SourceVersion "1"]
[SourceVersionDate "2024.10.14"]
[SourceQuality "1"]

1. Nf3 d5 2. g3 Nf6 3. Bg2 e6 4. 0-0 Bd6 5. d3 Nc6 6. Nbd2 e5 7. e4 dxe4 8. dxe4 Bc5 9. c3 a5 10. Qe2 0-0 11. Nc4 Qe7 12. Ne3 Re8 13. Nh4 g6 14. Nd5 Nxd5 15. exd5 Nb8 16. Bh6 Nd7 17. Rae1 Bd6 18. f4 exf4 19. Qxe7 Rxe7 20. Bxf4 Rxe1 21. Rxe1 Nf6 22. Bg5 Kg7 23. h3 Bxg3 24. Re7 Bd6 25. Re1 h6 26. Bxf6+ Kxf6 27. Nf3 Bd7 28. Rf1 Kg7 29. h4 Re8 30. Nd4 Re5 31. Bf3 h5 32. Kg2 b5 33. a3 b4 34. axb4 axb4 35. c4 Bc5 36. Rd1 Ba4 37. b3 Bxd4 38. bxa4 Bc5 39. a5 Re3 40. Ra1 Ra3 41. Rd1 Rxa5 42. Rb1 Ra2+ 43. Kg3 Bd6+ 0-1

[Event "Titled Tuesday intern op 09th Apr Early"]
[Site "Chess.com INT"]
[Date "2024.04.09"]
[Round "11"]
[White "Sai, Han Thiha"]
[Black "Matveeva, Olga"]
[Result "1-0"]
[WhiteElo "2123"]
[BlackElo "2156"]
[PlyCount "71"]
[EventDate "2024.04.09"]
[EventType "swiss (blitz)"]
[EventRounds "11"]
[EventCountry "USA"]
[SourceTitle "EXT 2025"]
[Source "ChessBase"]
[SourceDate "2024.10.14"]
[SourceVersion "1"]
[SourceVersionDate "2024.10.14"]
[SourceQuality "1"]

1. Nf3 d5 2. g3 Nf6 3. Bg2 e6 4. 0-0 c5 5. d3 Nc6 6. e4 Be7 7. e5 Nd7 8. Re1 Qc7 9. Bf4 b5 10. c4 bxc4 11. dxc4 Nb6 12. Nfd2 0-0 13. Nc3 Nb4 14. a3 Nd3 15. cxd5 Nxd5 16. Nxd5 exd5 17. Bxd5 Nxf4 18. Bxa8 Nh3+ 19. Kg2 c4 20. Be4 Bc5 21. Qh5 g6 22. Qf3 Nxf2 23. h3 Bxh3+ 24. Kh2 Bg4 25. Qf4 Qd7 26. Nxc4 Qe7 27. Nd6 Rd8 28. Bd5 Be6 29. Bxe6 Qxe6 30. Ne4 Ng4+ 31. Qxg4 Qxg4 32. Nf6+ Kg7 33. Nxg4 Rd2+ 34. Kh3 h5 35. Nh2 g5 36. g4 1-0